Towards a new paradigm in monetary economics

Enregistré dans:
Détails bibliographiques
Auteur principal: Stiglitz, Joseph E.
Autres auteurs: Greenwald, Bruce C.
Format: Livre
Langue:anglais
Publié: Cambridge Cambridge University Press 2003
Collection:The Raffaele Mattioli Lecture Series
Sujets:
Tags: Ajouter un tag
Pas de tags, Soyez le premier à ajouter un tag!

MARC

LEADER 00000nam$a2200000$$$4500
001 0002703
005 20240312120048.5
020 |a 0-521-00805-0 
041 0 |a eng 
044 |a GB 
245 1 0 |a Towards a new paradigm in monetary economics  |c Joseph Stiglitz and Bruce Greenwald 
264 1 |a Cambridge  |b Cambridge University Press  |c 2003 
300 |a 327 s. 
490 1 |a The Raffaele Mattioli Lecture Series 
830 0 |a The Raffaele Mattioli Lecture Series 
610 2 0 |a hospodárstvo peňažné 
610 2 0 |a politika peňažná 
610 2 0 |a paradigma 
610 2 0 |a peniaze 
610 2 0 |a mena 
610 2 0 |a financie 
610 2 0 |a trh finančný 
610 2 0 |a banky 
610 2 0 |a úver 
610 2 0 |a rovnováha trhová 
610 2 0 |a kríza finančná 
610 2 0 |a recesia 
610 2 0 |a Ázia 
610 2 0 |a USA 
100 1 |a Stiglitz, Joseph E. 
700 1 |a Greenwald, Bruce C.